Principles of managerial finance / (Record no. 170506)

MARC details
000 -LEADER
fixed length control field 00917cam a2200277 i 4500
001 - CONTROL NUMBER
control field 672300092
003 - CONTROL NUMBER IDENTIFIER
control field OCoLC
005 - DATE AND TIME OF LATEST TRANSACTION
control field 20251105081311.0
008 - FIXED-LENGTH DATA ELEMENTS--GENERAL INFORMATION
fixed length control field 101025s2012 maua 001 0 eng
020 ## - INTERNATIONAL STANDARD BOOK NUMBER
International Standard Book Number 9780273779865 (Paperback)
040 ## - CATALOGING SOURCE
Original cataloging agency NUST
Description conventions rda
Transcribing agency NUST
Modifying agency NUST
Language of cataloging eng
050 00 - LIBRARY OF CONGRESS CALL NUMBER
Classification number HG4011 GIT
100 1# - MAIN ENTRY--PERSONAL NAME
Personal name Gitman, Lawrence J.
Relator term Author
245 10 - TITLE STATEMENT
Title Principles of managerial finance /
Statement of responsibility, etc. Lawrence J. Gitman and Chad J. Zutter.
250 ## - EDITION STATEMENT
Edition statement Thirteenth edition.
260 ## - PUBLICATION, DISTRIBUTION, ETC.
Place of publication, distribution, etc. Boston :
Name of publisher, distributor, etc. Prentice Hall
Date of publication, distribution, etc. ©2013.
300 ## - PHYSICAL DESCRIPTION
Extent lii, 846, [44] pages :
Other physical details illustrations ;
Dimensions 26 cm.
336 ## - CONTENT TYPE
Content type term text
Content type code txt
Source rdacontent
337 ## - MEDIA TYPE
Media type term unmediated
Media type code n
Source rdamedia
338 ## - CARRIER TYPE
Carrier type term volume
Carrier type code nc
Source rdacarrier
504 ## - BIBLIOGRAPHY, ETC. NOTE
Bibliography, etc. note Includes index.
650 #0 - SUBJECT ADDED ENTRY--TOPICAL TERM
Topical term or geographic name entry element Corporations
General subdivision Finance
650 #0 - SUBJECT ADDED ENTRY--TOPICAL TERM
Topical term or geographic name entry element Business enterprises
General subdivision Finance
700 1# - ADDED ENTRY--PERSONAL NAME
Personal name Zutter, Chad J.
942 ## - ADDED ENTRY ELEMENTS (KOHA)
Source of classification or shelving scheme Library of Congress Classification
Koha item type Ordinary Loan Books
Edition Thirteenth edition.
Classification part HG 4011
Call number prefix HG
Call number suffix GIT
Suppress in OPAC No
Holdings
Withdrawn status Lost status Source of classification or shelving scheme Damaged status Not for loan Collection Home library Current library Shelving location Date acquired Source of acquisition Cost, normal purchase price Total Checkouts Full call number Barcode Date last seen Accession number Cost, replacement price Price effective from Koha item type Public note
    LCC     NFIC MAIN MAIN GEN 06/16/2023 Book Aid International 39.00   HG4011 GIT 92004053674 10/23/2023 60520 39.00 06/16/2023 BOOKS Donation
    LCC     NFIC MAIN MAIN GEN 06/16/2023 Book Aid International 39.00   HG4011 GIT 92004053381 10/23/2023 60512 39.00 06/16/2023 BOOKS Donation
    LCC     NFIC MAIN MAIN GEN 06/16/2023 Book Aid International 39.00   HG4011 GIT 92004053387 10/23/2023 60511 39.00 06/16/2023 BOOKS Donation
    LCC     NFIC MAIN MAIN GEN 06/16/2023 Book Aid International 39.00   HG4011 GIT 92004053390 10/23/2023 60509 39.00 06/16/2023 BOOKS Donation
    LCC     NFIC MAIN MAIN GEN 06/16/2023 Book Aid International 39.00   HG4011 GIT 92004053486 10/23/2023 60517 39.00 10/23/2023 BOOKS Donation
    LCC     NFIC MAIN MAIN GEN 06/16/2023 Book Aid International 39.00   HG4011 GIT 92004053484 10/23/2023 60518 39.00 06/16/2023 BOOKS Donation
    LCC     NFIC MAIN MAIN GEN 06/16/2023 Book Aid International 39.00   HG4011 GIT 92004053720 10/23/2023 60519 39.00 06/16/2023 BOOKS Donation
    LCC     NFIC MAIN MAIN GEN 06/16/2023 Book Aid International 39.00   HG4011 GIT 92004053624 10/23/2023 60516 39.00 06/16/2023 BOOKS Donation
    LCC     NFIC MAIN MAIN GEN 06/16/2023 Book Aid International 39.00   HG4011 GIT 92004053551 10/23/2023 60513 39.00 06/16/2023 BOOKS Donation
    LCC     NFIC MAIN MAIN GEN 06/16/2023 Book Aid International 39.00   HG4011 GIT 92004053587 10/23/2023 60514 39.00 06/16/2023 BOOKS Donation
    LCC     NFIC MAIN MAIN GEN 06/16/2023 Book Aid International 39.00   HG4011 GIT 92004053573 10/23/2023 60515 39.00 06/16/2023 BOOKS Donation
    LCC     NFIC MAIN MAIN GEN 06/16/2023 Book Aid International 39.00   HG4011 GIT 92004053712 10/23/2023 60521 39.00 06/16/2023 BOOKS Donation
    LCC     NFIC MAIN MAIN GEN 06/16/2023 Book Aid International 39.00   HG4011 GIT 92004053383 10/23/2023 60528 39.00 06/16/2023 BOOKS Donation
    LCC     NFIC MAIN MAIN GEN 06/16/2023 Book Aid International 39.00   HG4011 GIT 92004053479 10/23/2023 60522 39.00 06/16/2023 BOOKS Donation
    LCC     NFIC MAIN MAIN GEN 06/16/2023 Book Aid International 39.00   HG4011 GIT 92004053391 10/23/2023 60527 39.00 06/19/2023 BOOKS Donation
    LCC     NFIC MAIN MAIN GEN 06/16/2023 Book Aid International 39.00   HG4011 GIT 92004053659 10/23/2023 60525 39.00 10/23/2023 BOOKS Donation
    LCC     NFIC MAIN MAIN GEN 06/16/2023 Book Aid International 39.00   HG4011 GIT 92004053733 10/23/2023 60526 39.00 06/16/2023 BOOKS Donation
    LCC     NFIC MAIN MAIN GEN 06/16/2023 Book Aid International 39.00   HG4011 GIT 92004053526 11/08/2023 60523 39.00 06/16/2023 BOOKS Donation
    LCC     NFIC MAIN MAIN GEN 06/16/2023 Book Aid International 39.00   HG4011 GIT 92004053667 11/08/2023 60524 39.00 06/16/2023 BOOKS Donation
    LCC     NFIC Main Main GEN 06/16/2023 Book Aid International 39.00   HG4011 GIT 92004053389 10/23/2023 60510 39.00 06/16/2023 BOOKS Donation